000 01657nam a2200277 i 4500
001 69185
003 ES-MaACL
005 20250722102506.0
007 t|
008 040916s1905 sp ag |||| | spa d
080 _a821.134.2 Cervantes Saavedra, Miguel de 7 Quijote.07
245 0 3 _aEl Ateneo de Madrid en el III Centenario de la publicación de El ingenioso hidalgo Don Quijote de la Mancha /
_cconferencias de los señores Bonilla, Canalejas, Cejador, Ibáñez Marín, Jiménez Campaña, Martínez Ruiz (Azorín), Mesa, Morato, Navarro y Ledesma, Nogales, Ovejero, Palomero, Pérez de Ayala, Roda, Royo Villanova, Salillas, Urbano, Val y Vicenti ; poesías de los sres. Darío e Icaza. Madrid, mayo 1905.
260 _aMadrid :
_b[s.n.],
_c1905
_f(Imp. de Bernardo Rodríguez)
300 _aVI, 498 páginas :
_bilustraciones, música ;
_c25 cm.
500 _aVer las conferencias contenidas en esta obra
530 _aDisponible en formato digital
600 1 4 _aCervantes Saavedra, Miguel de,
_d1547-1616.
_tDon Quijote de la Mancha-
_vAniversarios y centenarios
_937614
610 2 4 _aAteneo de Madrid-
_vConferencias-
_y1900-1939
_91907
610 2 4 _aAteneo de Madrid-
_vObras digitalizadas.
_91930
852 _aES-MaACL
_cSPB
_jB-4782
_zRevisado enlace: 22 de julio de 2025
856 4 _uhttps://bibliotecadigital.jcyl.es/es/consulta/registro.do?id=16335
_y(Biblioteca Digital de Castilla y León)
_zVersión en línea
856 4 _uhttp://bdh-rd.bne.es/viewer.vm?id=0000200513&page=1
_y(Biblioteca Digital Hispánica)
_zVersión en línea
942 _2udc
_cMONOGRAFIA
_n0
999 _c69185
_d69185